| 000 | 00857nam a2200193 i 4500 | ||
|---|---|---|---|
| 001 | 42457 | ||
| 003 | ES-MaACL | ||
| 005 | 20250729015731.0 | ||
| 007 | t| | ||
| 008 | 030331s1882 fr ||||1| fre d | ||
| 080 | _a02 | ||
| 100 | 1 |
_aCousin, Jules. _941305 |
|
| 245 | 1 | 5 |
_aDe l'orgaanistion [sic] et de l'administration des bibliothèques publiques et privées _b: manuel théorique & pratique du bibliothécaire : Ouvrage suivi d'un appendice contenant les arrêtés,... relatifs aux bibliothèques universitaires,... circulantes... et... populaires, et acompagné de figs. interc. dans le texte / _cpar Jules Cousin. |
| 260 |
_aParis : _bG. Pedone-Lauriel, _c1882. |
||
| 300 |
_aX, 374 p. : _bil. ; _c22 cm. |
||
| 650 | 0 | 7 |
_aBiblioteconomía _2embne _910554 |
| 852 |
_aES-MaACL _jB-3524(1) _q. - Encuadernado con otras obras |
||
| 999 |
_c42457 _d42457 |
||